Estudio de Pre-factibilidad para el reemplazo de maquinaria y equipos de la empresa CAMINOSYMAS
Presenta un estudio de pre-factibilidad, para el reemplazo de maquinaria y equipos de movimiento de tierra en la empresa CAMINOSYMAS, haciendo una breve investigación sobre el marco de factores que afectan al proyecto. El objetivo de la investigación es realizar un diagnóstico de la utilización...
| Main Authors: | , |
|---|---|
| Other Authors: | |
| Format: | Tesis Section = Libro |
| Language: | Undetermined Spanish |
| Published: |
Managua
UNI
2017
|
| Subjects: |
| LEADER | 01463nam a2200277Ia 4500 | ||
|---|---|---|---|
| 008 | 240830s9999 xx 000 0 und d | ||
| 040 | |a BIBLIOTECA-RUSB/ M.Mon 658.404 H557 | ||
| 041 | |a spa | ||
| 082 | |a M.Mon 658.404 H557 | ||
| 100 | 1 | |a Hernández López, Dora María | |
| 100 | 1 | |b Torrez Villavicencio, Denia Lisdey | |
| 245 | 1 | 0 | |a Estudio de Pre-factibilidad para el reemplazo de maquinaria y equipos de la empresa CAMINOSYMAS |
| 260 | |a Managua |b UNI |c 2017 | ||
| 300 | |a 86 p. :il. | ||
| 500 | |a Contiene: anexos. | ||
| 502 | |a Tesis (Máster en Gerencia de Proyectos de Desarrollo) - UNI, 2017. | ||
| 520 | 3 | |a Presenta un estudio de pre-factibilidad, para el reemplazo de maquinaria y equipos de movimiento de tierra en la empresa CAMINOSYMAS, haciendo una breve investigación sobre el marco de factores que afectan al proyecto. El objetivo de la investigación es realizar un diagnóstico de la utilización y las necesidades de maquinarias y equipos existentes, analizar el comportamiento de la oferta, demanda y precios a través de un estudio de mercado, realiza un estudio técnico para la determinación del tamaño del proyecto. | |
| 650 | 7 | |a ADMINISTRACION DE PROYECTOS | |
| 650 | 7 | |b ANALISIS DE MERCADO | |
| 650 | 7 | |c ESTUDIO FINANCIERO | |
| 650 | 7 | |d ESTUDIO SOCIOECONOMICO | |
| 650 | 7 | |e MAQUINARIAS Y EQUIPOS-EVALUACION | |
| 700 | 1 | |a Tutor: |b Aguilera López, Roberto José | |
| 942 | |c BK |2 ddc | ||
| 991 | |a TESIS | ||
| 999 | |c 19446 | ||